000 00298nam a22001217a 4500
008 180111b xxu||||| |||| 00| 0 eng d
041 _aeng
080 _a612.39
100 _a10
101 _aNUT
245 _aPlant and animal products in the U.S. food system
_cWashington,D.C
942 _2udc
_cBK
999 _c40139
_d40139